000 00833nam a2200193Ia 4500
999 _c37479
_d37479
001 3441
003 GE_BSU
005 20190614152714.0
008 181216s||||||||xx |||||||||||||| ||und||
040 _cGE_BSU
041 _ageo
080 _a634.31/34
100 _aჯაბნიძე, რეზო
_92484
245 _aციტრუსოვანთა ინტენსიური აგროტექნიკა /
_cრედ.: მამია გოგოლიშვილი ; საუ-ის ბათუმის სახ. სას.-სამ. ინ-ტი.
264 _aბათუმი :
_bალიონი,
_c1999.
300 _a420 გვ. :
_bცხრ. ;
_c20 სმ.
653 _aციტრუსოვანი კულტურების აგროტექნიკა
942 _cBK
_2udc